| 000 | 01260nam0a2200265 4500 | ||
|---|---|---|---|
| 001 | RU\NLR\BIBL_A\011372467 | ||
| 005 | 20260406042523.0 | ||
| 010 |
_a5-86605-004-8 _91000 |
||
| 035 | _a(NLR Aleph) 011372467 | ||
| 090 |
_a11359282 _c11359282 |
||
| 100 | _a20170421d1999 |||y0rusy50 ca | ||
| 101 | 0 | _arus | |
| 102 | _aRU | ||
| 105 | _aa z 000zy | ||
| 200 | 1 |
_aУправление качеством _eучебное пособие _e[по специальности "Менеджмент"] _fВ.М. Мишин _gМосковская академия экономики и права |
|
| 210 |
_aМосква _cСобрание [и др.] _d1999 |
||
| 215 |
_a101, [1] с. _cил. _d22 |
||
| 320 | _aБиблиогр.: с. 101-102 (18 назв.) | ||
| 606 | 1 |
_aКачество продукции _jУчебные издания для высших учебных заведений _xУправление _91474335 _3RU\NLR\AUTH\66317705 |
|
| 686 | 1 | _aУ9(2)-823.2-21я73 | |
| 700 | 1 |
_7ca _8rus _aМишин _bВ. М. _cд-р экон. наук _f1940-2009 _gВиктор Михайлович _9112742 _3RU\NLR\AUTH\772734 |
|
| 942 | _cBOOK | ||
| 980 | _aNB | ||